000 00458nam a22001697a 4500
003 NUST - PNEC
005 20170116180832.0
008 150801b xxu||||| |||| 00| 0 eng d
020 _a997151298x
040 _cLIBRARY
082 _a519.2 FEL
100 _94684
_a Feller, William
245 _aAn introduction to probability theory and its applications.
_c Feller, William
250 _a2th ed
650 _94685
_aProbabilities
_xMIS
942 _2ddc
_cBK
999 _c64050
_d64050